000 00276nam a22001217a 4500
008 181023b xxu||||| |||| 00| 0 eng d
041 _aeng
080 _212 ED
_a510
100 _a38
101 _aMAT
245 _aTitle Mathematical Ideas
_cMiller.CH.D
942 _2udc
_cBK
999 _c50676
_d50676